| 000 | 00505cam a22001931a 4500 | ||
|---|---|---|---|
| 001 | ne 64003202 | ||
| 003 | DLC | ||
| 005 | 20260227111807.0 | ||
| 008 | 870624s1923 ua 000 0 arar | ||
| 010 | _ane 64003202 | ||
| 035 | _a(OCoLC)16071127 | ||
| 040 |
_aDLC _cOU _dDLC |
||
| 042 | _apremarc | ||
| 050 | 0 | 0 |
_aPJ7876.I9 _bZ43 1923 |
| 100 | 1 | _aZiyādah, Mayy. | |
| 245 | 1 | 0 |
_aẒulumāt wa-ashiʻʻah / _cbi-qalam Mayy. |
| 260 |
_aMiṣr : _bMajallat al-Hilāl, _c1923. |
||
| 300 |
_a157 p. ; _c20 cm. |
||
| 999 |
_c47660 _d47660 |
||